<?xml version="1.0" encoding="UTF-8"?>
<record
    xmlns:xsi="http://www.w3.org/2001/XMLSchema-instance"
    xsi:schemaLocation="http://www.loc.gov/MARC21/slim http://www.loc.gov/standards/marcxml/schema/MARC21slim.xsd"
    xmlns="http://www.loc.gov/MARC21/slim">

  <leader>01643nab a2200241 i 4500</leader>
  <controlfield tag="001">768714001</controlfield>
  <controlfield tag="003">CO-MdFUSB</controlfield>
  <controlfield tag="005">20240618143116.0</controlfield>
  <controlfield tag="008">240618t1990    us ||||| |||| 00| 0 eng d</controlfield>
  <datafield tag="040" ind1=" " ind2=" ">
    <subfield code="b">spa</subfield>
    <subfield code="c">CO-MdFUSB</subfield>
    <subfield code="d">CO-MdFUSB</subfield>
  </datafield>
  <datafield tag="041" ind1=" " ind2=" ">
    <subfield code="a">eng</subfield>
  </datafield>
  <datafield tag="100" ind1=" " ind2=" ">
    <subfield code="a">Clooney, Francis X., </subfield>
    <subfield code="d">1950- &#x200E;</subfield>
    <subfield code="e">autor</subfield>
  </datafield>
  <datafield tag="245" ind1=" " ind2=" ">
    <subfield code="a">Roberto de Nobili, adaptation and the reasonable interpretation of religion</subfield>
    <subfield code="c">/ Francis X. Clooney</subfield>
  </datafield>
  <datafield tag="520" ind1=" " ind2=" ">
    <subfield code="a">El estudio de la historia de la misi&#xF3;n nos presenta a hombres y mujeres cuyas opiniones sobre el cristianismo y la cultura coinciden s&#xF3;lo parcialmente con las nuestras, y aprendemos mucho tanto de las diferencias como de las similitudes. Roberto de Nobili, SJ, misionero en el sur de la India en la primera mitad del siglo XVII, es un buen ejemplo: su inmersi&#xF3;n en la cultura india y sus opiniones sobre la necesaria adaptaci&#xF3;n del mensaje cristiano en nuevos entornos anticiparon durante siglos los m&#xE9;todos y Argumentos de la teor&#xED;a moderna de la inculturaci&#xF3;n. Sin embargo, como se mostrar&#xE1;, su creencia en la universalidad de la raz&#xF3;n es premoderna y es el rasgo de su pensamiento que lo separa m&#xE1;s claramente de la mayor&#xED;a de los misioneros y eruditos de la religi&#xF3;n modernos.</subfield>
  </datafield>
  <datafield tag="546" ind1=" " ind2=" ">
    <subfield code="a">Texto en ingl&#xE9;s.</subfield>
  </datafield>
  <datafield tag="630" ind1=" " ind2="0">
    <subfield code="a">Ecumenismo e humanismo, </subfield>
  </datafield>
  <datafield tag="650" ind1=" " ind2="0">
    <subfield code="a">Misiones</subfield>
    <subfield code="9">154</subfield>
  </datafield>
  <datafield tag="650" ind1=" " ind2="7">
    <subfield code="a">Cristianismo y cultura</subfield>
    <subfield code="9">6959</subfield>
  </datafield>
  <datafield tag="650" ind1=" " ind2="7">
    <subfield code="a">Antropolog&#xED;a cultural y social</subfield>
    <subfield code="9">6714</subfield>
  </datafield>
  <datafield tag="773" ind1="0" ind2=" ">
    <subfield code="0">49486</subfield>
    <subfield code="9">82779</subfield>
    <subfield code="d"> Pasadena</subfield>
    <subfield code="o">R2654</subfield>
    <subfield code="t">Missiology:</subfield>
    <subfield code="w">(CO-MdFUSB)97</subfield>
    <subfield code="g">Volumen 18, (n&#xFA;mero 1, 1990) p&#xE1;ginas: 25 - 36</subfield>
    <subfield code="q">p&#xE1;gina: 25</subfield>
  </datafield>
  <datafield tag="942" ind1=" " ind2=" ">
    <subfield code="c">ANA</subfield>
  </datafield>
  <datafield tag="945" ind1=" " ind2=" ">
    <subfield code="a">Catherine Arias &#xC1;lvarez - Practicante SENA</subfield>
  </datafield>
  <datafield tag="999" ind1=" " ind2=" ">
    <subfield code="c">70259</subfield>
    <subfield code="d">70259</subfield>
  </datafield>
</record>
